000 00918nam a22002537a 4500
999 _c7309
_d7309
001 7309
003 BD-JhCC
005 20180329101225.0
008 180207s2014 bg |||| |||| 00| 0 ben d
020 _a9843000007577
035 _a(BD-JhCC)7309
040 _aBD-JhCC
_dBD-JhCC
041 _aben
082 _a823.914
_bMAS 2014
100 _aগ্রাহাম মাস্টারটন
245 _aঅবিশ্বাস্যএক পিশাচ উপন্যাস দ্যা ম্যানিটু /
_cগ্রাহাম মাস্টারটন রুপান্তর অনীশ দাস অপু
260 _aঢাকা :
_bবাংলাপ্রকাশ,
_c২০১৪.
300 _a১৭৩ পৃ. :
_c২২ সেমি.
650 _aHorror Tales
650 _aDemonology
700 _aঅপু, অনীশ দাস
942 _2ddc
_cBK